00468nam a2200157Ia 4500003000900000008004100009020001800050040001600068080001400084100001900098245008600117260003100203300001500234650004100249650002000290IN-BaIIA211028s9999 xx 000 0 eng d a0-262-03097-7 cIIA Library a52.3bAST aCornell, James 0aAstronomy from spacecJames Cornell  aCambridgebMIT Pressc1983 avii, 248p. aAstronomy and astrophysics thesaurus aSpace astronomy